01702nam a2200397 a 4500001001200000003000800012006001900020007001500039008004100054010001700095020002800112040002100140035002000161050002700181082002500208100002700233245012600260260005400386300001500440504006400455533015200519600004500671600004400716600004100760650006000801650002700861650006400888650005900952650003601011650003001047650003001077650002501107655002901132710001701161856012601178ebr10019987CaPaEBRm u cr cn|||||||||020220s2002 mou sb s001 0 eng  z 2002024562 z0826214029 (alk. paper) aCaPaEBRcCaPaEBR a(OCoLC)5563842314aPS374.M547bE29 2002eb04a813/.540935204312211 aEckard, Paula Gallant.10aMaternal body and voice in Toni Morrison, Bobbie Ann Mason, and Lee Smithh[electronic resource] /cPaula Gallant Eckard. aColumbia :bUniversity of Missouri Press,cc2002. axv, 227 p. aIncludes bibliographical references (p. 207-216) and index. aElectronic reproduction.bPalo Alto, Calif. :cebrary,d2013.nAvailable via World Wide Web.nAccess may be limited to ebrary affiliated libraries.10aSmith, Lee,d1944-xCharactersxMothers.10aMason, Bobbie AnnxCharactersxMothers.10aMorrison, TonixCharactersxMothers. 0aAmerican fictionxWomen authorsxHistory and criticism. 0aMothers in literature. 0aWomen and literaturezUnited StatesxHistoryy20th century. 0aAmerican fictiony20th centuryxHistory and criticism. 0aMother and child in literature. 0aHuman body in literature. 0aMotherhood in literature. 0aVoice in literature. 7aElectronic books.2local2 aebrary, Inc.40uhttp://site.ebrary.com/lib/rucke/Doc?id=10019987zAn electronic book accessible through the World Wide Web; click to view